Inventions françaises - Mort subite - Statistiques

Statistiques générales
  • Ce quiz a été pris 200 fois
  • Le résultat moyen est 5 sur 20
Answers on the Grid
Answers color-coded by a green-red scale on the quiz's grid according to % correct below.
Poubelle
Locomotive à vapeur
Photographie
Ampoule électrique
Carte à puce
Calculatrice
Radio
Boussole
Montgolfière
Croque-monsieur
Véhicule automobile
Fermeture éclair
Clémentine
Machine à coudre
Radiateur
Stéthoscope
Paratonnerre
Imprimerie
Pétanque
Dynamite
Saxophone
Velcro
Boîte de conserve
Braille
Cafetière
Margarine
Ventilateur
Moto
Eau de Javel
Cigarette
Four à micro-ondes
Digicode
Minitel
Vaccin contre la rage
Bagel
Pile électrique
 
Statistiques - réponses
Réponse % Correct
Vaccin contre la rage
55%
Montgolfière
54%
Poubelle
53%
Braille
45%
Croque-monsieur
45%
Pétanque
44%
Minitel
29%
Boîte de conserve
25%
Photographie
24%
Carte à puce
22%
Eau de Javel
19%
Calculatrice
18%
Stéthoscope
18%
Margarine
16%
Machine à coudre
11%
Clémentine
9%
Digicode
9%
Véhicule automobile
9%
Cafetière
6%
Moto
1%
Aucun quiz correspondant
Distribution des résultats
% des personnes avec chaque résultat
Percentile par nombre de réponses
Votre historique - résultats
Vous n’avez pas pris ce quiz